Statistics for Same Architect or Different Architect?

Click here to take the quiz!

General Stats

  • This quiz has been taken 10 times
  • The average score is 9 of 15

Answer Stats

QuestionAnswer% Correct
Solomon R. Guggenheim Museum (New York City) - Guggenheim Museum Bilbao (Bilbao)Different architect
100%
Arch de Triomphe (Paris) - Notre-Dame de Paris (Paris)Different architect
89%
Gateway Arch (St. Louis) - MIT Chapel (Cambridge)Same architect
89%
United Nations Headquarters (New York City) - European Union Headquarters (Brussels)Different architect
78%
Burj Khalifa (Dubai) - Jeddah Tower (Jeddah)Same architect
78%
Brasilia Cathedral (Brasilia) - National Congress of Brazil (Brasilia)Same architect
78%
John Hancock Center (Chicago) - Willis/Sears Tower (Chicago)Same architect
67%
Empire State Building (New York City) - Chrysler Building (New York City)Different architect
56%
Sydney Opera House (Sydney) - Lotus Temple (Delhi)Different architect
44%
White House (Washington D.C.) - United States Capitol (Washington D.C.)Different architect
44%
CN Tower (Toronto) - Tokyo Skytree (Tokyo)Different architect
44%
Walt Disney Concert Hall (Los Angeles) - Dancing House (Prague)Same architect
44%
Louvre Pyramid (Paris) - Rock and Roll Hall of Fame (Cleveland)Same architect
44%
Shanghai World Financial Center (Shanghai) - Kingdom Centre (Riyadh)Different architect
22%
30 St Mary Axe/The Gherkin (London) - London City Hall (London)Same architect
22%

Score Distribution

Percentile by Number Answered

Percent of People with Each Score

Your Score History

You have not taken this quiz